LEADER 00862nam a2200229 i 4500 001 000000168964 003 CaOOAMICUS 005 20110110000000.0 008 110110s1964 it u000 u ita u 013 $a146366 040 $aSeMil$bita 100 1 $aLiégé, Pierre-André,$c.$0(OLS)http://semarc/name/31799 245 10$aAdulti nel Cristo /$cA. Liégé. Adultes dans le Christ. 260 $aTorino :$bBorla,$c1964. 300 $a108 p. ;$c21 cm. 490 0 $aNuova cristianità ;$v6 830 0$aNuova cristianità ;$v6.$0(OLS)http://semarc/title/6390 850 $aSeMil 852 $aSeMil$W1$xVenegono$y1$m3F V 653$j119947$B119947$CSeMilBibl$Z2$F158638 $81 961 $aLascito: Frontini don Carlo 996 $6245$aAdulti nel Cristo$9(OLS)http://semarc/title/241659 996 $6260$aTorino :$bBorla$9(OLS)http://semarc/publisher/29913 LEADER 00714naa a2200145 i 4500 001 000000303853 003 CaOOAMICUS 005 20180831172807.0 008 180831n xx u000 u und u 013 $a11633 040 $aSeMil$bita 100 1 $aTomkins, Oliver .$0(OLS)http://semarc/name/30841 245 13$aIl Ministero ordinato femminile nella Comunione Anglicana :$bappen enova : Marietti, 1992. P. 249-261, 331-351. 773 0 $aAlberigo, Giuseppe <1926-2007>$tAnglicanesimo.$dGenova : Marietti, 1992.$kSaggi e ricerche. Teologia$z88-211-9576-7$w()39643 996 $6245$aIl Ministero ordinato femminile nella Comunione Anglicana :$bappen enova : Marietti, 1992. P. 249-261, 331-351.$9(OLS)http://semarc/title/379809